000 00471ngm a2200145 454500
008 180718b2004 xxu||||| |||| 00| 0 eng d
020 _a1405106115
082 _aI5 W52
100 _aWest, Michael A.
245 _aBuilding team-based working: a practical guide to organizational transformation
_cby Michael A. West and Lynn Markiewich
260 _aOxford
_bBPS Blackwell Book
_c2004
300 _a172p.
650 _aTeams in the workplace
700 _aMarkiewich, Lynn
999 _c447274
_d447274